000 00329nam a22001457a 4500
005 20160624111512.0
008 160624b xxu||||| |||| 00| 0 eng d
041 _aeng
082 _b9734
245 _aThe Payment of Banus Act 1965
260 _bProfessional's
_c2009
300 _a45
650 _aManagement
_9241
942 _cBK
999 _c3784
_d3783